Mastering the Basic Math Facts in Multiplication and Division (Record no. 23448)
[ view plain ]
| 000 -LEADER | |
|---|---|
| fixed length control field | 00616nam a22001817a 4500 |
| 003 - CONTROL NUMBER IDENTIFIER | |
| control field | OSt |
| 005 - DATE AND TIME OF LATEST TRANSACTION | |
| control field | 20260608104908.0 |
| 008 - FIXED-LENGTH DATA ELEMENTS--GENERAL INFORMATION | |
| fixed length control field | 260608b |||||||| |||| 00| 0 eng d |
| 020 ## - INTERNATIONAL STANDARD BOOK NUMBER | |
| International Standard Book Number | 139780325059655 |
| 040 ## - CATALOGING SOURCE | |
| Transcribing agency | Chuka University Library |
| 050 ## - LIBRARY OF CONGRESS CALL NUMBER | |
| Classification number | QA 115 .03 2011 |
| 100 ## - MAIN ENTRY--PERSONAL NAME | |
| Personal name | Connell Susan O' |
| 9 (RLIN) | 27468 |
| 245 ## - TITLE STATEMENT | |
| Title | Mastering the Basic Math Facts in Multiplication and Division |
| Remainder of title | (Strategies ,Activities and Interventions to Move Students Beyond Memorization |
| 260 ## - PUBLICATION, DISTRIBUTION, ETC. | |
| Place of publication, distribution, etc. | Portsmouth, NH |
| Name of publisher, distributor, etc. | Heinemann |
| Date of publication, distribution, etc. | 2011 |
| 300 ## - PHYSICAL DESCRIPTION | |
| Extent | Various paging |
| Other physical details | illustrated |
| 650 ## - SUBJECT ADDED ENTRY--TOPICAL TERM | |
| Topical term or geographic name entry element | Basic Math facts |
| 9 (RLIN) | 27469 |
| 942 ## - ADDED ENTRY ELEMENTS (KOHA) | |
| Source of classification or shelving scheme | Library of Congress Classification |
| Koha item type | Long Loan Books |
| Suppress in OPAC | No |
| Withdrawn status | Lost status | Source of classification or shelving scheme | Damaged status | Not for loan | Collection | Home library | Current library | Shelving location | Date acquired | Source of acquisition | Cost, normal purchase price | Total Checkouts | Full call number | Barcode | Date last seen | Copy number | Price effective from | Koha item type |
|---|---|---|---|---|---|---|---|---|---|---|---|---|---|---|---|---|---|---|
| Library of Congress Classification | General Collection Books | Main Campus Library | Main Campus Library | General Stacks | 08/06/2026 | Donations from books for Africa | 4720.00 | QA 115 .0334 2011 | 32943/2026 | 08/06/2026 | C1 | 08/06/2026 | Long Loan Books |
